Probleme neelementare tratate elementar
Αποθηκεύτηκε σε:
| Κύριοι συγγραφείς: | , |
|---|---|
| Μορφή: | Βιβλίο |
| Γλώσσα: | Romanian Russian |
| Δημοσίευση: |
Bucuresti :
Editura Technica,
1954.
|
| Σειρά: | Seria Culegeri de probleme de matematica si fizica
|
| Θέματα: | |
| Ετικέτες: |
Προσθήκη ετικέτας
Δεν υπάρχουν, Καταχωρήστε ετικέτα πρώτοι!
|
MARC
| LEADER | 00000cam a2200000 i 4500 | ||
|---|---|---|---|
| 001 | 1/125167 | ||
| 008 | 220628s1954 rm | ||| |||| ||rum|| | ||
| 035 | |l 10103348 | ||
| 040 | |a GR-MyUA |b gre |e AACR2 | ||
| 041 | 1 | |a rum |h rus | |
| 082 | 0 | |a 519.2 |2 (22) | |
| 100 | 1 | |a IAglom, A. M. | |
| 245 | 1 | 0 | |a Probleme neelementare tratate elementar / |c A. M. Yaglom, I. M. Yaglom ; traducere din limba rusa. |
| 260 | |a Bucuresti : |b Editura Technica, |c 1954. | ||
| 300 | |a 412 σ. ; |c 21 εκ. | ||
| 490 | 1 | |a (Seria Culegeri de probleme de matematica şi fizica) | |
| 650 | 0 | 0 | |a Probabilities. |
| 650 | 0 | 0 | |a Information theory. |
| 650 | 0 | 0 | |a Combinatorial analysis. |
| 700 | 1 | |a IAglom, I. M. |q (Isaak Moiseevich), |d 1921-1988, |e aut | |
| 830 | 0 | |a Seria Culegeri de probleme de matematica si fizica | |
| 852 | |a INST |b SAMOS |c MAG |e 20220628 |h 519.2 IAG |p 005300035593 |q 005300035593 |t BK |y 0 | ||
| 970 | |a Γουβάλα |b Βάσω |z 28-6-2022 | ||